000 00597nam a2200205Ia 4500
003 GCL
008 140319s9999 xx 000 0 ara d
040 _aGCL /
_cGCL
082 0 4 _aق
_b932
_bم م
100 1 _aمحمد فياض
245 1 0 _aالمرأة المصرية القديمة /
_cمحمد فياض
300 _a190 ص
490 _a100 قصة
_v0
650 0 4 _aالمرأة فى مصر
650 0 4 _aمصر القديمة
650 0 4 _aالحضارة الفرعونية
650 0 4 _aالمرأة فى التاريخ
650 0 4 _aالمرأة المصرية
942 _2ddc
_cBK
999 _c46417
_d46417